WW2 General Knowledge - Statistics

General Stats
  • This quiz has been taken 28 times
  • The average score is 10 of 17
Answer Stats
Hint Answer % Correct
When did WW2 end? 1945
96%
Who was Germany led by? Adolf Hitler
96%
Name one of the two cities that U.S. dropped an atomic bomb on in Japan. Hiroshima
96%
Which country Germany invade that triggered the start of WW2? Poland
96%
After World War II, Germany was divided into how many zones? 4
92%
Who was president during majority of WW2? Franklin D Roosevelt
92%
What attack made Congress officially declare their enter of the war? Pearl Harbor
92%
Which was the first axis power to surrender? Italy
81%
How did Hitler die? Suicide
77%
What date was that attack? December 7, 1941
54%
What were Jews in Germany forced to wear on their clothes? Star of David
54%
What development project made the first nuclear weapons during WW2? The Manhattan Project
54%
In Nazi concentration camps, a pink triangle meant what? Homosexual
35%
Which meeting of world powers is often referred to as the start of the Cold War? Yalta Conference
19%
What did America implement that created tension between Japan and the U.S.? Implemented a trade embargo against Japan
4%
What is the operation name of D-Day" Operation overload
4%
Which law put Japanese-American citizens into internment camps for the sake of national security? Executive Order of 9066
0%
No matching quizzes found
Score Distribution
Percent of People with Each Score
Percentile by Number Answered
Your Score History
You have not taken this quiz